<?xml version="1.0" encoding="UTF-8"?>
<record
    xmlns:xsi="http://www.w3.org/2001/XMLSchema-instance"
    xsi:schemaLocation="http://www.loc.gov/MARC21/slim http://www.loc.gov/standards/marcxml/schema/MARC21slim.xsd"
    xmlns="http://www.loc.gov/MARC21/slim">

  <leader>01366nam2a22002771  4500</leader>
  <controlfield tag="001">v19\rc\1959739</controlfield>
  <controlfield tag="005">20251118181002.6</controlfield>
  <datafield tag="035" ind1=" " ind2=" ">
    <subfield code="a">(NLR Aleph) 005043597</subfield>
  </datafield>
  <datafield tag="090" ind1=" " ind2=" ">
    <subfield code="a">6819744</subfield>
    <subfield code="c">6819744</subfield>
  </datafield>
  <datafield tag="100" ind1=" " ind2=" ">
    <subfield code="a">20080428d1894    u  y0rusy50      ca</subfield>
  </datafield>
  <datafield tag="101" ind1="0" ind2=" ">
    <subfield code="a">rus</subfield>
  </datafield>
  <datafield tag="102" ind1=" " ind2=" ">
    <subfield code="a">RU</subfield>
  </datafield>
  <datafield tag="105" ind1=" " ind2=" ">
    <subfield code="a">y   z   |||||</subfield>
  </datafield>
  <datafield tag="200" ind1="0" ind2=" ">
    <subfield code="a">&#x441; 15 &#x43C;&#x430;&#x440;&#x442;&#x430; 1893 &#x433;. &#x43F;&#x43E; 1-&#x435; &#x44F;&#x43D;&#x432;&#x430;&#x440;&#x44F; 1894 &#x433;.</subfield>
  </datafield>
  <datafield tag="210" ind1=" " ind2=" ">
    <subfield code="d">1894</subfield>
  </datafield>
  <datafield tag="215" ind1=" " ind2=" ">
    <subfield code="a">[2], 48 &#x441;.</subfield>
  </datafield>
  <datafield tag="461" ind1=" " ind2="0">
    <subfield code="1">001v19\rc\1959738</subfield>
    <subfield code="1">2001#$a&#x41E;&#x442;&#x447;&#x435;&#x442; &#x43E; &#x441;&#x43E;&#x441;&#x442;&#x43E;&#x44F;&#x43D;&#x438;&#x438; &#x441;&#x435;&#x43B;&#x44C;&#x441;&#x43A;&#x43E;&#x445;&#x43E;&#x437;&#x44F;&#x439;&#x441;&#x442;&#x432;&#x435;&#x43D;&#x43D;&#x43E;&#x439; &#x444;&#x435;&#x440;&#x43C;&#x44B; &#x421;&#x438;&#x43C;&#x431;&#x438;&#x440;&#x441;&#x43A;&#x43E;&#x439; &#x447;&#x443;&#x432;&#x430;&#x448;&#x441;&#x43A;&#x43E;&#x439; &#x443;&#x447;&#x438;&#x442;&#x435;&#x43B;&#x44C;&#x441;&#x43A;&#x43E;&#x439; &#x448;&#x43A;&#x43E;&#x43B;&#x44B;...$v&#x441; 15 &#x43C;&#x430;&#x440;&#x442;&#x430; 1893 &#x433;. &#x43F;&#x43E; 1-&#x435; &#x44F;&#x43D;&#x432;&#x430;&#x440;&#x44F; 1894 &#x433;.</subfield>
    <subfield code="9">6819739</subfield>
    <subfield code="a">&#x421;&#x438;&#x43C;&#x431;&#x438;&#x440;&#x441;&#x43A;&#x430;&#x44F; &#x447;&#x443;&#x432;&#x430;&#x448;&#x441;&#x43A;&#x430;&#x44F; &#x443;&#x447;&#x438;&#x442;&#x435;&#x43B;&#x44C;&#x441;&#x43A;&#x430;&#x44F; &#x448;&#x43A;&#x43E;&#x43B;&#x430;</subfield>
    <subfield code="c">&#x421;&#x438;&#x43C;&#x431;&#x438;&#x440;&#x441;&#x43A;</subfield>
    <subfield code="d">[1894]-[1914]</subfield>
    <subfield code="t">&#x41E;&#x442;&#x447;&#x435;&#x442; &#x43E; &#x441;&#x43E;&#x441;&#x442;&#x43E;&#x44F;&#x43D;&#x438;&#x438; &#x441;&#x435;&#x43B;&#x44C;&#x441;&#x43A;&#x43E;&#x445;&#x43E;&#x437;&#x44F;&#x439;&#x441;&#x442;&#x432;&#x435;&#x43D;&#x43D;&#x43E;&#x439; &#x444;&#x435;&#x440;&#x43C;&#x44B; &#x421;&#x438;&#x43C;&#x431;&#x438;&#x440;&#x441;&#x43A;&#x43E;&#x439; &#x447;&#x443;&#x432;&#x430;&#x448;&#x441;&#x43A;&#x43E;&#x439; &#x443;&#x447;&#x438;&#x442;&#x435;&#x43B;&#x44C;&#x441;&#x43A;&#x43E;&#x439; &#x448;&#x43A;&#x43E;&#x43B;&#x44B;...</subfield>
    <subfield code="v">&#x441; 15 &#x43C;&#x430;&#x440;&#x442;&#x430; 1893 &#x433;. &#x43F;&#x43E; 1-&#x435; &#x44F;&#x43D;&#x432;&#x430;&#x440;&#x44F; 1894 &#x433;.</subfield>
  </datafield>
  <datafield tag="801" ind1=" " ind2="0">
    <subfield code="a">RU</subfield>
    <subfield code="b">NLR</subfield>
    <subfield code="g">psbo</subfield>
  </datafield>
  <datafield tag="801" ind1=" " ind2="0">
    <subfield code="a">RU</subfield>
    <subfield code="b">RuMoRGB</subfield>
    <subfield code="2">psbo</subfield>
  </datafield>
  <datafield tag="801" ind1=" " ind2="1">
    <subfield code="a">RU</subfield>
    <subfield code="b">ProSoft-M</subfield>
    <subfield code="2">rusmarc</subfield>
  </datafield>
  <datafield tag="852" ind1=" " ind2=" ">
    <subfield code="a">NLR</subfield>
    <subfield code="b">&#x417;&#x435;&#x43C;</subfield>
    <subfield code="j">37/&#x41E;17</subfield>
  </datafield>
  <datafield tag="899" ind1=" " ind2=" ">
    <subfield code="a">RuMoRGB</subfield>
    <subfield code="j">P 78/1110</subfield>
    <subfield code="y">(1893-1912*, &#x431;&#x435;&#x437; &#x432;&#x435;&#x434;&#x43E;&#x43C;&#x43E;&#x441;&#x442;&#x435;&#x439;)</subfield>
  </datafield>
  <datafield tag="899" ind1=" " ind2=" ">
    <subfield code="a">&#x411;&#x410;&#x41D;</subfield>
  </datafield>
  <datafield tag="899" ind1=" " ind2=" ">
    <subfield code="a">RuMoRGB</subfield>
    <subfield code="j">&#x424; 1-68/13635</subfield>
    <subfield code="y">(1893-1912*, &#x431;&#x435;&#x437; &#x432;&#x435;&#x434;&#x43E;&#x43C;&#x43E;&#x441;&#x442;&#x435;&#x439;)</subfield>
  </datafield>
  <datafield tag="942" ind1=" " ind2=" ">
    <subfield code="c">BOOK</subfield>
  </datafield>
  <datafield tag="980" ind1=" " ind2=" ">
    <subfield code="a">NB</subfield>
  </datafield>
  <datafield tag="995" ind1=" " ind2=" ">
    <subfield code="5">2013-10-26</subfield>
    <subfield code="b">NLR02</subfield>
    <subfield code="c">NLR02</subfield>
    <subfield code="e">RFS</subfield>
    <subfield code="f">5043597-10</subfield>
    <subfield code="k">&#x417;&#x435;&#x43C; 37/&#x41E;17</subfield>
    <subfield code="o">0</subfield>
    <subfield code="r">BOOK</subfield>
    <subfield code="s">_3717</subfield>
  </datafield>
  <datafield tag="995" ind1=" " ind2=" ">
    <subfield code="5">2013-10-26</subfield>
    <subfield code="b">NLR01</subfield>
    <subfield code="c">NLR01</subfield>
    <subfield code="e">TEMP</subfield>
    <subfield code="f">5043597-40</subfield>
    <subfield code="o">0</subfield>
    <subfield code="r">BOOK</subfield>
  </datafield>
</record>
